State by Three Cities #2 - Statistics

General Stats
  • This quiz has been taken 29 times
  • The average score is 16 of 16
Answer Stats
Cities State % Correct
Birmingham, Huntsville, Mobile Alabama
100%
Colorado Springs, Denver, Arvada Colorado
100%
Savannah, Columbus, Atlanta Georgia
100%
Aurora, Naperville, Chicago Illinois
100%
Overland Park, Wichita, Topeka Kansas
100%
Lexington, Bowling Green, Florence Kentucky
100%
Saint Paul, Rochester, Minneapolis Minnesota
100%
Lincoln, Fremont, Bellevue Nebraska
100%
Lakewood, Newark, Jersey City New Jersey
100%
Tucson, Phoenix, Scottsdale Arizona
96%
Stamford, Bridgeport, New Haven Connecticut
96%
Dover, Wilmington, Middleton Delaware
96%
Germantown, Baltimore, Waldorf Maryland
96%
Allentown, Philadelphia, Erie Pennsylvania
96%
Gillette, Casper, Cheyenne Wyoming
96%
Cincinnati, Youngstown, Lorain Ohio
93%
No matching quizzes found
Score Distribution
Percent of People with Each Score
Percentile by Number Answered
Your Score History
You have not taken this quiz